Multiple choice questions in bio chemistry (Record no. 3800)

MARC details
000 -LEADER
fixed length control field 00433nam a22001577a 4500
008 - FIXED-LENGTH DATA ELEMENTS--GENERAL INFORMATION
fixed length control field 250605b |||||||| |||| 00| 0 eng d
020 ## - INTERNATIONAL STANDARD BOOK NUMBER
ISBN 8180613356
100 ## - MAIN ENTRY--AUTHOR
Author Gupta RC
245 ## - TITLE STATEMENT
Title Multiple choice questions in bio chemistry
250 ## - EDITION STATEMENT
Edition statement 2nd
260 ## - PUBLICATION, DISTRIBUTION, ETC. (IMPRINT)
Place of publication New Delhi
Name of publisher Jaypee brother's medical publisher limited
Date of publication 2004
300 ## - COLLATION
Pagination 218p
650 ## - TRACINGS
Main Subject Problems, exercise, examination
942 ## - ADDED ENTRY ELEMENTS (KOHA)
Item type Books
050 ## - LIBRARY OF CONGRESS CALL NUMBER
Classification number QD 416.3
Item number .G 87
Holdings
Source of classification or shelving scheme Not for loan Permanent location Current location Date acquired Accession No. Full call number Barcode. Koha item type
Library of Congress Classification   Samuel Ogbemudia Main Library, University of Abuja Samuel Ogbemudia Main Library, University of Abuja 06/05/2025 2024/62295 QD 416.3 .G 87 2025-2412 Books